[Event "72nd RUS-ch Higher League 2019"]
[Site "Yaroslavl"]
[Date "2019.06.30"]
[Round "4.7"]
[White "Lysyj, Igor"]
[Black "Sakaev, Konstantin"]
[Result "1/2-1/2"]
[WhiteElo "2623"]
[BlackElo "2584"]
[Annotator "RC"]
[PlyCount "93"]
[EventDate "2019.06.27"]
[EventType "swiss"]
[EventCountry "RUS"]
[SourceTitle "playchess.com"]
[Source "ChessBase"]
[SourceQuality "1"]
[TimeControl "40/5400+30:1800+30"]

1. d4 {[%emt 0:00:00]} d5 {[%emt 0:00:00]} 2. c4 {[%emt 0:00:00]} c6 {[%emt 0:00:00]} 3. Nf3 {[%emt 0:00:00]} Nf6 {[%emt 0:00:03]} 4. g3 {[%emt 0:00:00]} Bg4 {[%emt 0:01:29]} 5. Ne5 {[%emt 0:00:21]} Bf5 {[%emt 0:00:08]} 6. Qb3 {[%emt 0:00:27]} Qb6 {[%emt 0:05:40]} 7. cxd5 {[%emt 0:00:22]} cxd5 {[%emt 0:38:37]} 8. Nc3 {[%emt 0:02:05]} Nc6 {[%emt 0:03:35]} 9. Qxb6 {[%emt 0:02:46]} axb6 {[%emt 0:00:15]} 10. e3 {[%emt 0:02:02]} Bd7 {[%emt 0:08:21]} 11. Nxd7 {[%emt 0:08:00]} Kxd7 {[%emt 0:00:32]} 12. Bd3 {[%emt 0:16:53]} e6 {[%emt 0:00:29]} 13. Ke2 {[%emt 0:01:26]} Be7 {[%emt 0:02:43]} 14. b3 {[%emt 0:11:12]} Ra5 {[%emt 0:05:35]} 15. a3 {[%emt 0:08:04]} Ne8 {[%emt 0:11:01]} 16. Bb2 {[%emt 0:07:40]} Nd6 {[%emt 0:00:38]} 17. h4 {[%emt 0:04:20]} h6 {[%emt 0:01:04]} 18. h5 {[%emt 0:01:58]} Raa8 {[%emt 0:02:42]} 19. g4 {[%emt 0:09:00]} Rhc8 {[%emt 0:01:04]} 20. Nb1 {[%emt 0:07:10]} b5 {[%emt 0:05:57]} 21. Nd2 {[%emt 0:00:48]} b4 {[%emt 0:00:18]} 22. a4 {[%emt 0:00:15]} Na5 {[%emt 0:00:22]} 23. Rac1 {[%emt 0:00:39]} Rxc1 {[%emt 0:04:05]} 24. Rxc1 {[%emt 0:00:03]} b6 {[%emt 0:00:22]} 25. f3 {[%emt 0:03:10]} Bg5 {[%emt 0:00:31]} 26. Rg1 {[%emt 0:01:12]} Rh8 {[%emt 0:00:40]} 27. f4 {[%emt 0:01:29]} Be7 {[%emt 0:00:10]} 28. Kf3 {[%emt 0:01:46]} Bd8 {[%emt 0:00:44]} 29. Ke2 {[%emt 0:02:31]} Be7 {[%emt 0:00:05]} 30. Rg3 {[%emt 0:00:33]} Bh4 {[%emt 0:00:21]} 31. Rh3 {[%emt 0:00:43]} Bf6 {[%emt 0:00:45]} 32. Kd1 {[%emt 0:01:52]} Be7 {[%emt 0:00:26]} 33. Rg3 {[%emt 0:00:25]} Bh4 {[%emt 0:00:46]} 34. Rh3 {[%emt 0:00:28]} Be7 {[%emt 0:00:09]} 35. Rg3 {[%emt 0:00:03]} Bh4 {[%emt 0:00:04]} 36. Rg2 {[%emt 0:00:14]} Be7 {[%emt 0:00:05]} 37. Ke2 {[%emt 0:01:25]} Rc8 {[%emt 0:00:38]} 38. Kd1 {[%emt 0:01:29]} Rh8 {[%emt 0:03:18]} 39. Rg1 {[%emt 0:01:45]} Kc6 {[%emt 0:01:56]} 40. Ke1 {[%emt 0:00:00]} Kd7 {[%emt 0:00:00]} 41. Ke2 {[%emt 0:03:44]} Rc8 {[%emt 0:04:40]} 42. Bb1 {[%emt 0:06:17]} Ra8 {[%emt 0:03:09]} 43. Bc2 {[%emt 0:07:36]} Rc8 {[%emt 0:00:16]} 44. Bd3 {[%emt 0:00:05]} Rh8 {[%emt 0:02:52]} 45. Rg3 {[%emt 0:04:49]} Bh4 {[%emt 0:03:05]} 46. Rh3 {[%emt 0:00:05]} Be7 {[%emt 0:02:20]} 47. Rg3 1/2-1/2

[Event "72nd RUS-ch Higher League 2019"]
[Site "Yaroslavl"]
[Date "2019.06.30"]
[Round "4.8"]
[White "Lomasov, Semyon"]
[Black "Grachev, Boris"]
[Result "1/2-1/2"]
[WhiteElo "2542"]
[BlackElo "2621"]
[Annotator "RC"]
[PlyCount "60"]
[EventDate "2019.06.27"]
[EventType "swiss"]
[EventCountry "RUS"]
[SourceTitle "playchess.com"]
[Source "ChessBase"]
[SourceQuality "1"]
[TimeControl "40/5400+30:1800+30"]

1. e4 {[%emt 0:02:51]} e5 {[%emt 0:00:00]} 2. Nf3 {[%emt 0:00:24]} Nf6 {[%emt 0:00:00]} 3. Nxe5 {[%emt 0:00:05]} d6 {[%emt 0:00:00]} 4. Nf3 {[%emt 0:00:07]} Nxe4 {[%emt 0:00:00]} 5. c4 {[%emt 0:00:43]} g6 {[%emt 0:15:08]} 6. d4 {[%emt 0:10:40]} Bg7 {[%emt 0:00:26]} 7. Bd3 {[%emt 0:00:06]} Nf6 {[%emt 0:00:16]} 8. O-O {[%emt 0:00:46]} O-O {[%emt 0:00:06]} 9. h3 {[%emt 0:00:47]} Nc6 {[%emt 0:02:43]} 10. Nc3 {[%emt 0:00:12]} Ne7 {[%emt 0:05:36]} 11. Re1 {[%emt 0:13:04]} Bf5 {[%emt 0:01:20]} 12. Bg5 {[%emt 0:01:06]} Bxd3 {[%emt 0:05:11]} 13. Qxd3 {[%emt 0:00:48]} h6 {[%emt 0:00:47]} 14. Bxf6 {[%emt 0:01:44]} Bxf6 {[%emt 0:00:58]} 15. Nd5 {[%emt 0:04:50]} Nxd5 {[%emt 0:00:51]} 16. cxd5 {[%emt 0:00:02]} Qd7 {[%emt 0:13:32]} 17. Rac1 {[%emt 0:01:57]} Rfe8 {[%emt 0:01:13]} 18. Rxe8+ {[%emt 0:02:19]} Rxe8 {[%emt 0:00:11]} 19. Qb3 {[%emt 0:05:43]} Qc8 {[%emt 0:07:57]} 20. Qa4 {[%emt 0:19:21]} a6 {[%emt 0:02:59]} 21. Rxc7 {[%emt 0:00:35]} Qxc7 {[%emt 0:00:08]} 22. Qxe8+ {[%emt 0:00:04]} Kg7 {[%emt 0:00:08]} 23. Qe3 {[%emt 0:02:48]} Qc2 {[%emt 0:03:02]} 24. Qb3 {[%emt 0:00:23]} Qc1+ {[%emt 0:03:02]} 25. Kh2 {[%emt 0:00:03]} Bxd4 {[%emt 0:11:47]} 26. Nxd4 {[%emt 0:00:07]} Qf4+ {[%emt 0:00:03]} 27. Kg1 {[%emt 0:12:36]} Qc1+ {[%emt 0:00:07]} 28. Kh2 {[%emt 0:00:06]} Qf4+ {[%emt 0:00:03]} 29. Kg1 {[%emt 0:00:05]} Qc1+ {[%emt 0:00:08]} 30. Kh2 {[%emt 0:00:04]} Qf4+ 1/2-1/2

[Event "72nd RUS-ch Higher League 2019"]
[Site "Yaroslavl"]
[Date "2019.06.30"]
[Round "4.9"]
[White "Khismatullin, Denis"]
[Black "Rozum, Ivan"]
[Result "1-0"]
[WhiteElo "2618"]
[BlackElo "2572"]
[Annotator "TA"]
[PlyCount "89"]
[EventDate "2019.06.27"]
[EventType "swiss"]
[EventCountry "RUS"]
[SourceTitle "playchess.com"]
[Source "ChessBase"]
[SourceQuality "1"]

{[%evp 9,89,16,16,10,7,22,15,0,13,0,13,0,0,0,0,0,0,0,0,0,0,0,0,-4,24,0,19,16,52,32,46,0,0,0,85,76,110,110,190,223,212,133,275,263,241,20,39,50,128,122,265,266,275,263,271,269,437,427,435,416,427,406,708,718,700,692,664,631,864,894,872,820,1388,1347,2895,3429,1827,2391,1820,1817,1549,904]} 1. e4 c6 2. d4 d5 3. e5 Bf5 4. h4 h5 5. Bd3 Bxd3 6. Qxd3 {B12: Caro-Kann: Advance Variation} Qa5+ 7. Nd2 {Threatening e6!} (7. Nc3 {with more complications.} e6 8. Nf3 Ne7 9. O-O Qa6 10. Qd1) 7... e6 8. Ngf3 {The position is equal.} Nh6 9. O-O Nf5 10. c3 $146 ({Predecessor:} 10. c4 Be7 11. g3 Nd7 12. b3 Rd8 {1-0 (43) Ponomariov,R (2712)-Mchedlishvili,M (2605) Minsk 2017}) 10... Qa6 11. Qc2 Be7 12. g3 c5 13. Nb3 $36 {[%mdl 2048] White is more active.} c4 14. Nbd2 $1 Nc6 15. Re1 b5 16. Nf1 b4 17. Bg5 bxc3 18. bxc3 Ba3 19. Rab1 Nce7 20. Bc1 Bxc1 21. Rexc1 Nc6 (21... O-O $1 $11 {remains equal.}) 22. Ng5 $16 g6 23. Ne3 Nxe3 (23... Ng7 $16 {is a better defense.}) 24. fxe3 $18 Ne7 25. e4 O-O (25... dxe4 $16 {might work better.} 26. Nxe4 (26. Qxe4 O-O $14) 26... Nf5) 26. Rf1 dxe4 27. Nxe4 $2 (27. g4 $1 $18) 27... Nf5 $11 28. Qd2 {Black must now prevent Qg5.} Rfb8 {[#]} ({Black should play} 28... Kg7 $14) 29. Rbe1 $1 $16 Rb7 (29... Kg7 $16) 30. Nc5 $18 {[%mdl 64] Double Attack} Qc6 31. Nxb7 Qxb7 32. Qg2 Rb8 $2 {[#]} (32... Qb8 33. Rf2 Qf8) 33. Qxb7 $1 Rxb7 {[%mdl 4096] Endgame KRR-KRN} 34. Rb1 Rc7 35. Kf2 Ne7 (35... Kg7 $142 36. Kf3 Ne7) 36. Rb8+ {White is clearly winning.} Kg7 37. Rfb1 Nd5 38. R1b7 Rc6 39. Rxa7 g5 40. Rbb7 Kg6 41. Rxf7 g4 42. Ke1 Rb6 43. Rfb7 Rc6 44. Kd2 Kf5 45. Rb1 {Accuracy: White = 67%, Black = 40%.} 1-0

[Event "72nd RUS-ch Higher League 2019"]
[Site "Yaroslavl"]
[Date "2019.06.30"]
[Round "4.10"]
[White "Bocharov, Ivan"]
[Black "Shimanov, Aleksandr"]
[Result "1/2-1/2"]
[WhiteElo "2559"]
[BlackElo "2615"]
[Annotator "TA"]
[PlyCount "95"]
[EventDate "2019.06.27"]
[EventType "swiss"]
[EventCountry "RUS"]
[SourceTitle "playchess.com"]
[Source "ChessBase"]
[SourceQuality "1"]

{[%evp 15,95,0,0,0,0,0,0,0,0,0,10,7,16,-22,-12,-15,0,-23,-14,0,41,19,18,43,60,0,0,0,0,-70,0,-15,-15,-18,-15,-12,24,8,18,8,15,15,79,26,100,100,98,105,114,100,110,116,118,115,109,27,47,39,45,0,37,21,35,41,48,49,75,68,73,68,158,93,93,31,26,-22,-22,-22,-22,-23,-22,-24]} 1. c4 Nf6 2. Nc3 c5 3. Nf3 Nc6 4. e3 e6 5. d4 d5 6. cxd5 Nxd5 7. Bd3 Be7 8. O-O O-O 9. Be4 {D42: Queen's Gambit Declined: Semi-Tarrasch: 5 cxd5 Nxd5 6 e3 Nc6 7 Bd3} Nxc3 10. bxc3 Qc7 11. Qc2 h6 12. Rd1 $146 ({Predecessor:} 12. Bh7+ Kh8 13. Bd3 b6 14. e4 Bb7 15. Be3 Rac8 16. Rac1 Rfd8 {1-0 (47) Caruana,F (2799)-Grischuk,A (2782) Saint Louis 2017}) 12... Bd7 13. Rb1 Rac8 14. d5 exd5 15. Bxd5 b5 16. Qe4 Rb8 17. c4 $1 {[%cal Rc4b5]} bxc4 18. Bb2 Rxb2 $1 19. Rxb2 {Strongly threatening Rbd2.} c3 20. Rb3 (20. Rbb1 $14) 20... Bf6 $11 21. a3 Qc8 22. Rc1 ({White should try} 22. Qc2 $11) 22... Ne7 (22... Bf5 $15 23. Qf4 Rd8) 23. Bc4 Bc6 24. Qf4 Ng6 25. Qg3 $1 {[%cal Rg3g6] Threatens to win with Qxg6.} Qf5 26. h3 h5 27. Rbxc3 Bxc3 28. Rxc3 Rd8 (28... Qf6 $11 29. Rb3 Qa1+ 30. Kh2 Qf6) 29. Qg5 (29. Rc1 $16) 29... Rd1+ (29... Qb1+ $11 30. Kh2 Qb8+ 31. Qg3 Bxf3 32. Qxb8 Rxb8 33. gxf3 Ne5) 30. Kh2 $16 Qxg5 31. Nxg5 Ne5 32. Bb3 Rd2 33. Rxc5 Rxf2 34. e4 $1 Rb2 35. Ba4 ({Better is} 35. Bc4 $1 $16 Nxc4 36. Rxc6) 35... Nf3+ 36. Nxf3 Bxa4 $14 {[%mdl 4096] Endgame KRB-KRN} 37. Ng5 {White wants to mate with Rc8+.} (37. Rc8+ {seems wilder.} Kh7 38. Rc7 f6 39. Nd4 Bd1 40. Rxa7 Be2 41. Nf5) 37... Rb8 (37... Be8 {keeps more tension.} 38. Rc8 Kf8 39. Nh7+ Ke7 40. Rc7+ Bd7) 38. Rc7 Bb3 39. Rxa7 f6 40. Nf3 Re8 41. Nd4 Ba2 42. Nf5 g5 {[#]} (42... Rxe4 $14 43. Nxg7 (43. Rxg7+ Kf8 $16) 43... Re5) 43. Ra6 (43. e5 $142 $1) 43... Rxe4 $16 {[#]} 44. Rxf6 (44. Ng3 $1 $16 {[%cal Rg3e4]} Re6 45. Rxe6 Bxe6 46. Nxh5) 44... Re5 $1 $14 45. Rg6+ Kf7 46. Rxg5 Kf6 $1 {[%csl LRf5,LRg5][%mdl 64] Double Attack} 47. Rxh5 {Hoping for Ng3.} Bf7 48. Rh4 {Accuracy: White = 41%, Black = 52%.} 1/2-1/2

[Event "72nd RUS-ch Higher League 2019"]
[Site "Yaroslavl"]
[Date "2019.06.30"]
[Round "4.11"]
[White "Fedoseev, Vladimir"]
[Black "Triapishko, Alexandr"]
[Result "1-0"]
[WhiteElo "2680"]
[BlackElo "2512"]
[Annotator "TA"]
[PlyCount "137"]
[EventDate "2019.06.27"]
[EventType "swiss"]
[EventCountry "RUS"]
[SourceTitle "playchess.com"]
[Source "ChessBase"]
[SourceQuality "1"]

{[%evp 9,137,22,14,17,25,17,20,28,39,18,56,52,35,49,46,34,51,39,64,64,111,111,109,115,146,122,196,105,106,108,135,134,141,128,133,128,128,128,128,128,139,139,254,250,258,180,175,166,187,159,154,150,151,150,138,148,138,142,160,150,139,120,180,176,192,192,192,191,192,191,190,174,191,191,191,191,191,191,191,191,212,181,175,153,181,153,153,68,206,191,297,341,356,366,562,563,548,570,557,572,564,567,559,567,559,565,545,550,523,530,528,512,525,377,364,337,459,440,505,562,640,629,734,730,676,639,806,812,737,679]} 1. d4 Nf6 2. c4 g6 3. f3 Nc6 (3... e6 4. e4 c5 5. d5 d6 6. Nc3 Bg7 7. Nge2 O-O 8. Ng3 exd5 9. cxd5 a6 10. a4 h5 11. Bg5 Qe8 12. Bd3 Nh7 13. Bf4 Qe7 14. Nge2 Nd7 15. O-O Ne5 16. Bc2 Rb8 17. a5 b5 18. axb6 Rxb6 {1-0 (42) Wojtaszek,R (2724)-Svidler,P (2739) Moscow 2019}) 4. d5 Ne5 5. e4 d6 6. Nc3 {E60: King's Indian: Unusual lines and Fianchetto Variation without Nc3} Bg7 7. f4 Ned7 8. Be3 $146 {The position is equal.} ({Predecessor:} 8. Nh3 O-O 9. Be2 e5 10. dxe6 fxe6 {½-½ (35) Baldauf,M (2493)-Esipenko,A (2616) Karlsruhe 2019}) 8... O-O 9. Be2 e6 10. dxe6 $1 fxe6 11. Nh3 b6 12. O-O Bb7 13. Qc2 Nc5 {[%cal Rf6e4]} 14. Bf3 $1 e5 {[#]} 15. f5 $1 a5 16. g4 h6 17. Rad1 Nh7 {[#]} (17... Qe7 $16 {might work better.}) 18. Qg2 (18. g5 $1 $18 {[%cal Rg5h6]} Nxg5 19. Nxg5 hxg5 20. Qg2) 18... g5 $16 19. Nf2 Bf6 20. Nh1 Bc6 21. Ng3 Be8 22. Nd5 Bg7 23. b3 Nd7 24. Qd2 Bf7 25. Kg2 Nb8 (25... Re8 $16 26. Ne2 Nc5) 26. Rh1 $18 Nc6 27. Ne2 Nd4 28. Nxd4 Bxd5 29. exd5 exd4 30. Bxd4 Bxd4 31. Qxd4 Qf6 32. Rhe1 Qxd4 33. Rxd4 Nf6 34. Re6 Kf7 35. h3 Rfe8 (35... Rh8 $16 36. Kg3 Rae8) 36. Rd1 Re7 37. Rde1 Rd7 38. Be2 Kg7 39. Kf2 Rf7 40. Ke3 Rff8 41. Kd4 Rae8 42. Bd1 Ra8 43. a3 Rf7 44. Kc3 Ra7 45. Kb2 Ra8 46. b4 {[%cal Bb3b4,Bb4c5][%mdl 32]} Ra7 47. Bb3 Ra8 48. Kc2 (48. Bc2 $16) 48... Ra7 (48... axb4 $14 49. axb4 h5 50. gxh5 Rh8) 49. c5 bxc5 (49... axb4 $142 50. axb4 bxc5) 50. bxc5 a4 51. Bc4 Ra5 (51... Rd7 $142 52. Bb5 Rd8 53. Re7+ Kf8) 52. cxd6 Rc5 53. Kd3 cxd6 54. Rxd6 Rfc7 55. Rc6 R7xc6 56. dxc6 Rxc6 {[%mdl 4096] Endgame KRB-KRN} 57. Re7+ Kf8 58. Rf7+ Ke8 59. Ra7 {Threatens to win with Bb5.} Rd6+ 60. Ke3 Kd8 61. Be6 Rd1 62. Rxa4 {aiming for Rd4+.} Ke7 63. Ra7+ {White is clearly winning.} Kd6 64. Ra6+ Ke7 {and the idea ...Rh1 leaves Black hopeful.} 65. Bc4 Rc1 66. Re6+ Kf7 67. Rc6+ Kg7 68. Rc7+ Kh8 69. Kd4 {Accuracy: White = 67%, Black = 45%.} 1-0

[Event "72nd RUS-ch Higher League 2019"]
[Site "Yaroslavl"]
[Date "2019.06.30"]
[Round "4.12"]
[White "Motylev, Alexander"]
[Black "Levin, Evgeny A."]
[Result "1-0"]
[WhiteElo "2654"]
[BlackElo "2504"]
[Annotator "TA"]
[PlyCount "77"]
[EventDate "2019.06.27"]
[EventType "swiss"]
[EventCountry "RUS"]
[SourceTitle "playchess.com"]
[Source "ChessBase"]
[SourceQuality "1"]

{[%evp 15,105,37,31,31,40,25,41,27,35,28,39,31,33,39,36,30,43,22,29,6,16,18,23,0,0,-26,6,0,18,2,39,6,6,13,11,12,18,16,23,4,2,10,43,0,0,0,115,139,115,100,289,293,267,263,428,314,262,244,226,239,231,211,216,89,89,83,82,83,83,82,65,84,287,256,1769,1474,9809,5077,29977,29978,29978,29979,29979,29980,29978,29979,29978,29973,29985,29986,29985,29985]} 1. e4 d6 2. d4 Nf6 3. Nc3 g6 4. Be3 Bg7 5. Qd2 c6 6. Bh6 Bxh6 7. Qxh6 Qa5 8. Bd3 c5 9. d5 {B07: Pirc Defence: Miscellaneous Systems} Nbd7 10. Nf3 c4 (10... b5 11. Bxb5 Rb8 12. Bxd7+ Bxd7 13. O-O Rxb2 14. e5 Qxc3 15. exf6 Qxf6 16. Rab1 Rb6 {1-0 (25) Vachier Lagrave,M (2779)-Dominguez Perez,L (2739) chess.com INT 2018}) 11. Bxc4 {And now 0-0 would win.White is slightly better.} Qc5 $1 {[%cal Rc5c4]} 12. Bd3 {Black should prevent 0-0.} Qxf2+ $1 {[%mdl 64] Decoy} 13. Kxf2 Ng4+ 14. Ke2 Nxh6 15. h3 Ng8 $146 ({Predecessor:} 15... O-O 16. Kd2 f6 {1-0 (51) Gurevich,D (2461)-Rasik,V (2452) Olomouc 2016}) 16. Nb5 {Hoping for Nc7+.} Kf8 17. b4 a6 18. Nbd4 Ngf6 19. a4 a5 20. c3 Kg7 (20... g5 $5) 21. Rhb1 b6 22. Ke3 Ba6 23. Bxa6 Rxa6 24. Nc6 Rc8 25. Nfd4 Rc7 26. Ra3 Kf8 27. bxa5 bxa5 28. c4 Nc5 29. Rb8+ (29. e5 $5 {[%cal Re5f6]} Nfd7 30. exd6 exd6 31. Nb5 Rcxc6 32. dxc6 Rxc6 33. Nd4 $14) 29... Kg7 30. Nb5 $36 {[%mdl 2048] White has some pressure.} Rd7 {[#]} (30... Rcxc6 $11 31. dxc6 Rxc6) 31. e5 $1 $16 {[%cal Re5f6]} dxe5 {With the idea ...Rxd5!} 32. Nxe5 Rb7 $2 (32... Nxd5+ $16 33. cxd5 Rxd5) 33. Rxb7 $18 Nxb7 34. Kd4 e6 $2 (34... Ra8 {was called for.} 35. g4 Rc8) 35. Rb3 exd5 36. Nc7 Ra7 37. Nc6 ({Much less strong is} 37. cxd5 $6 Nd6 $14) 37... Nc5 38. Kxc5 dxc4 39. Nxa7 {Played: Nc7-e8} 1-0

[Event "72nd RUS-ch Higher League 2019"]
[Site "Yaroslavl"]
[Date "2019.06.30"]
[Round "4.13"]
[White "Ponkratov, Pavel"]
[Black "Bigaliev, Renat"]
[Result "1-0"]
[WhiteElo "2649"]
[BlackElo "2427"]
[Annotator "TA"]
[PlyCount "79"]
[EventDate "2019.06.27"]
[EventType "swiss"]
[EventCountry "RUS"]
[SourceTitle "playchess.com"]
[Source "ChessBase"]
[SourceQuality "1"]

{[%evp 9,79,0,20,0,40,21,26,7,34,25,24,29,74,88,121,124,131,121,108,127,116,113,155,149,172,174,175,196,220,228,256,265,300,269,267,287,310,314,313,298,384,355,390,300,412,404,387,256,246,237,421,410,563,567,547,469,781,764,835,785,1081,1052,1621,1623,1302,1289,1036,1009,12831,6275,29979,29979]} 1. d4 Nf6 2. c4 e6 3. Nc3 Bb4 4. Qc2 O-O 5. e4 d6 6. Bd3 {E32: Nimzo-Indian: Classical (4 Qc2): 4...0-0} (6. e5 dxe5 7. dxe5 Nfd7 8. Nf3 Nc6 9. Ng5 g6 10. f4 Nc5 11. Be3 f6 12. exf6 Qxf6 13. O-O-O Bxc3 14. Qxc3 Qxc3+ 15. bxc3 {1-0 (25) Vallejo Pons,F (2695)-Predke,A (2622) St Petersburg 2018}) 6... Nbd7 7. Nge2 c5 8. d5 {White has an edge.} b5 $146 ({Predecessor:} 8... Ne5 9. Bg5 b5 10. a3 bxc4 11. Bxc4 Bxc3+ 12. Qxc3 Nxe4 13. Bxd8 Nxc3 {0-1 (55) Debray,C (2356)-Kosten,A (2479) Haguenau 2013}) 9. cxb5 Nb6 {Threatens to win with ...c4.} 10. a3 Ba5 {[%cal Re6d5]} 11. O-O Bb7 {[%cal Re6d5]} 12. dxe6 fxe6 13. b4 cxb4 14. axb4 Bxb4 15. Qb3 {[%mdl 64] [#] Double Attack} Bxc3 16. Qxe6+ ({But not} 16. Nxc3 Qe7 $16) 16... Kh8 17. Nxc3 Re8 18. Qf5 Re5 19. Qf4 Qe7 20. Bb2 Rf8 {[%cal Rf6e4]} 21. Qh4 Rh5 22. Qg3 Rh6 23. f4 Rg6 24. Qf3 Nfd7 25. Rxa7 Ne5 26. Qe2 Nxd3 27. Qxd3 Bxe4 28. Rxe7 Bxd3 29. Rd1 $40 {[%mdl 128] White wants a kill.} Bf5 $2 (29... Bc2 {was necessary.}) 30. Nd5 $18 Nxd5 31. Rxd5 h6 32. g3 Bg4 (32... Bh3 $142 33. Rh5 Bg4) 33. b6 Bf3 34. Rd3 Bc6 35. Rc3 d5 {[#]} 36. Rxc6 $1 {[%mdl 576] Deflection} Rxc6 37. Bxg7+ {[%mdl 64] Double Attack} Kg8 38. Bxf8 Kxf8 39. b7 Rb6 40. Rc7 {Accuracy: White = 79%, Black = 19%.} 1-0

[Event "72nd RUS-ch Higher League 2019"]
[Site "Yaroslavl"]
[Date "2019.06.30"]
[Round "4.14"]
[White "Salemgareev, Tagir"]
[Black "Alekseev, Evgeny"]
[Result "1/2-1/2"]
[WhiteElo "2412"]
[BlackElo "2645"]
[Annotator "TA"]
[PlyCount "126"]
[EventDate "2019.06.27"]
[EventType "swiss"]
[EventCountry "RUS"]
[SourceTitle "playchess.com"]
[Source "ChessBase"]
[SourceQuality "1"]

{[%evp 15,126,0,0,0,0,-4,0,0,0,0,0,0,0,0,0,0,0,0,13,0,8,13,6,0,11,0,0,0,0,0,0,-41,-49,-58,-47,-69,-44,-107,-88,-80,-24,-59,-48,-45,-47,-47,0,-5,0,-12,-17,-47,-57,-74,-14,-27,-13,-26,-20,-20,-30,-38,-46,-54,-63,-64,-64,-64,-53,-54,-52,-64,-60,-69,-67,-134,-136,-137,-118,-242,-238,-239,-232,-203,-211,-310,-290,-331,-322,-405,-405,-399,-395,-387,-333,-375,-367,-365,-218,-217,-129,-122,-122,-122,-122,-122,-121,-119,-20,-20,-20,-26,0]} 1. d4 Nf6 2. c4 e6 3. Nf3 d5 4. Nc3 Bb4 5. e3 O-O 6. Bd2 b6 7. cxd5 exd5 8. Bd3 $146 ({Predecessor:} 8. Rc1 Bb7 {½-½ (37) Idani,P (2583)-Efimenko,Z (2637) Konya 2018}) 8... Bb7 9. Rc1 {E52: Nimzo-Indian: Rubinstein: 4...0-0 5 Nf3 d5 6 Bd3 b6} Be7 10. O-O Nbd7 11. Ne5 {The position is equal.} Nxe5 12. dxe5 Nd7 13. f4 Nc5 14. Bb1 d4 15. Nb5 d3 16. Nd4 a5 17. Qg4 Kh8 18. Rcd1 g6 $36 {[%mdl 2048] Black fights for an advantage.} 19. Bc3 Be4 20. b3 Rg8 (20... Kg8 {feels hotter.} 21. Rd2 h5 22. Qg3 Bh4 23. Qh3 Be7) 21. Qh3 (21. Nf3 {with more complications.} Rg7 22. Qg3 Qd5 23. Qf2 Rd8 24. Qd2) 21... Qc8 22. Qxc8 Rgxc8 23. Nf3 Kg8 24. Nd2 Bb7 25. Bd4 Rd8 26. Bxc5 (26. Nf3 $15) 26... Bxc5 $17 27. Kf2 Rd7 (27... a4 $17 28. Nf3 axb3 29. axb3 Ba6) 28. Nc4 Rad8 {[#]} 29. e6 $1 {[%mdl 512]} fxe6 {aiming for ...Rd5.} 30. Ne5 Rd6 {Hoping for ...d2.} 31. Bxd3 {[#]} Be4 $1 {[%cal Re4d3][%mdl 512]} 32. Be2 (32. Bxe4 Rxd1) 32... Kg7 33. Rxd6 cxd6 34. Nf3 h6 (34... Rf8 $17 35. Rc1 e5 36. fxe5 dxe5) 35. Rd1 Bb7 36. Nd4 Kf6 37. Bc4 Re8 38. Nb5 d5 39. Bd3 g5 {And now ...gxf4 would win.} 40. g3 e5 41. fxe5+ Kxe5 42. Nd4 Bc8 43. Nc6+ Kd6 44. Nd4 Bh3 45. Bc2 (45. Nc2 $1 $15) 45... Rf8+ 46. Kg1 Rf6 47. a4 (47. Bd3 $17) 47... Ke5 $19 48. Bb1 h5 49. Bh7 h4 50. gxh4 (50. Bd3 $142) 50... gxh4 51. Bd3 Rf7 52. Nc6+ Kd6 53. Nd4 Rg7+ 54. Kf2 Rg2+ 55. Kf3 Bxd4 $1 56. exd4 Rxh2 {[%mdl 4096] Endgame KRB-KRB} (56... Bg4+ $142 57. Kxg2 Bxd1) 57. Rg1 Be6 ({Black should try} 57... Rd2 $19 58. Ke3 Rg2) 58. Rg6 $17 Rh3+ 59. Ke2 Ke7 {Strongly threatening ...Rxd3!} 60. Rh6 Rh2+ 61. Ke3 Rb2 (61... Rh1 $17 62. Rh7+ Kd6) 62. Rxh4 $11 Rxb3 {...Bf5 is the strong threat.} 63. Kd2 Bd7 {Accuracy: White = 51%, Black = 60%.} 1/2-1/2